000
00230 a2200097 4500
001
57512
100
_a
245
_a
Handbook of creative and innovative managers
260
_a
New York
_b
Mc graw hill
_c
1988
090
_c
35242
_d
35242
942
_a
NUST-CAE
_c
_c
28050
999
_c
292585
_d
292585